Library Banner

Tareekh sultanat khudadad Mesoor (Urdu) (Record no. 72531)

MARC details
000 -LEADER
fixed length control field 00447nam a2200169Ia 4500
001 - CONTROL NUMBER
control field 67141
008 - FIXED-LENGTH DATA ELEMENTS--GENERAL INFORMATION
fixed length control field 150604s9999 xx 000 0 und d
020 ## - INTERNATIONAL STANDARD BOOK NUMBER
International Standard Book Number NA
040 ## - CATALOGING SOURCE
Transcribing agency PK-LaUMT
082 ## - DEWEY DECIMAL CLASSIFICATION NUMBER
Classification number 954.0312
Item number MAH-T
100 ## - MAIN ENTRY--PERSONAL NAME
Personal name Mahmood Khan Mahmood Banglori
245 ## - TITLE STATEMENT
Title Tareekh sultanat khudadad Mesoor (Urdu)
Statement of responsibility, etc Mahmood Khan Mahmood Banglori
260 ## - PUBLICATION, DISTRIBUTION, ETC. (IMPRINT)
Place of publication, distribution, etc Lahore,Pakistan:
Name of publisher, distributor, etc Gohar Sons,
Date of publication, distribution, etc NA
300 ## - PHYSICAL DESCRIPTION
Extent 688 p.
546 ## - LANGUAGE NOTE
Language note UR
942 ## - ADDED ENTRY ELEMENTS (KOHA)
Koha item type Books
Holdings
Withdrawn status Lost status Damaged status Not for loan Home library Current library Date acquired Total Checkouts Full call number Barcode Date last seen Date checked out Price effective from Koha item type
        UMT Main Campus UMT Main Campus 2015-06-03 1 954.0312 MAH-T 90903 2015-11-10 2015-08-24 2015-06-05 Books